| Поле | Название | Значение |
| |
Тип записи |
a |
| |
Библиографический уровень |
m |
| 001 |
Контрольный номер |
RU\infra-m\znanium\bibl\2233079 |
| 005 |
Дата корректировки |
20260429142109.0 |
| 008 |
Кодируемые данные |
251107s2025 RU g rus u |
| 020 |
Индекс ISBN |
__ |
| a |
ISBN |
978-5-9275-4884-2 |
| 040 |
Источник каталогиз. |
__ |
| a |
Служба первич. каталог. |
Общество с ограниченной ответственностью «ЗНАНИУМ» |
| 041 |
Код языка издания |
__ |
| a |
Код языка текста |
rus |
| 044 |
Код страны публикации |
__ |
| a |
Код страны публикации |
RU |
| 080 |
Индекс УДК |
__ |
| a |
Индекс УДК |
338 |
| 080 |
Индекс УДК |
__ |
| a |
Индекс УДК |
351 |
| 084 |
Индекс другой классификации/Индекс ББК |
__ |
| 2 |
Источник индекса |
rubbk |
| a |
Индекс другой классификации/Индекс ББК |
662 |
| 084 |
Индекс другой классификации/Индекс ББК |
__ |
| 2 |
Источник индекса |
rubbk |
| a |
Индекс другой классификации/Индекс ББК |
664 |
| 084 |
Индекс другой классификации/Индекс ББК |
__ |
| 2 |
Источник индекса |
okso |
| a |
Индекс другой классификации/Индекс ББК |
41.04.02 |
| 100 |
Автор |
__ |
| a |
Автор |
Бабанов А.Б. |
| q |
Полное имя |
Бабанов Андрей Борисович |
| u |
Дополнение |
Российская академия народного хозяйства и государственной службы при Президенте РФ |
| 245 |
Заглавие |
__ |
| a |
Заглавие |
Региональная и национальная безопасность России |
| b |
Продолж. заглавия |
Учебное пособие |
| c |
Ответственность |
Российская академия народного хозяйства и государственной службы при Президенте РФ; Российская академия народного хозяйства и государственной службы при Президенте РФ |
| 250 |
Сведения об издании |
__ |
| a |
Основные сведения об издании |
1 |
| 260 |
Выходные данные |
__ |
| a |
Место издания |
Ростов-на-Дону |
| b |
Издательство |
Издательство Южного федерального университета (ЮФУ) |
| c |
Дата издания |
2025 |
| 300 |
Физическое описание |
__ |
| a |
Объем |
170 с. |
| 520 |
Аннотация |
__ |
| a |
Аннотация |
Учебное пособие содержит системное изложение материала о национальной и региональной безопасности России. Последовательно рассматриваются следующие вопросы: теоретические основы изучения национальной и региональной безопасности виды безопасности система обеспечения национальной безопасности; технологическая безопасность России на основе обретения технологического суверенитета; экономическая безопасность в аспекте сохранения и сбережения социальных ресурсов; проблемы обеспечения продовольственной безопасности в аспекте реализации агропромышленного потенциала российских регионов; межрегиональная интеграция в современной России как условие обеспечения её национальной безопасности. Пособие адресовано студентам магистерской программы «Управление региональными социально-экономическими системами» по направлению подготовки 41.04.02 - «Регионоведение России» а также всем интересующимся проблемами национальной и региональной безопасности России. |
| 521 |
Примеч. о цел. назн. |
__ |
| a |
Примеч. о целев. назн. |
ВО - Магистратура |
| 650 |
Тематические рубрики |
__ |
| a |
Основная рубрика |
Политика. Социология |
| x |
Основная подрубрика |
Национальная политика. Национальные отношения |
| 655 |
Указ. предметных рубрик (устаревшее) |
__ |
| a |
Жанр/ форма (устаревшее) |
Учебное пособие |
| 700 |
Другие авторы |
__ |
| a |
Другие авторы |
Баженова Е.Ю. |
| q |
Полное имя |
Баженова Елена Юрьевна |
| u |
Дополнение |
Южный федеральный университет |
| 700 |
Другие авторы |
__ |
| a |
Другие авторы |
Дятлов А.В. |
| q |
Полное имя |
Дятлов Александр Викторович |
| u |
Дополнение |
Южный федеральный университет |
| 700 |
Другие авторы |
__ |
| a |
Другие авторы |
Латушко Н.А. |
| q |
Полное имя |
Латушко Наталья Александровна |
| u |
Дополнение |
Южный федеральный университет |
| 700 |
Другие авторы |
__ |
| a |
Другие авторы |
Чернобровкина Н.И. |
| q |
Полное имя |
Чернобровкина Наталья Игоревна |
| u |
Дополнение |
Южный федеральный университет |
| 700 |
Другие авторы |
__ |
| a |
Другие авторы |
Дятлов А.В. |
| q |
Полное имя |
Дятлов Александр Викторович |
| u |
Дополнение |
Южный федеральный университет |
| 856 |
Электронный адрес документа |
4_ |
| a |
Имя сервера/домена |
znanium.ru |
| m |
Помощь |
ebs_support@infra-m.ru |
| n |
Местонахождение сервера |
НИЦ ИНФРА-М |
| u |
URL |
https://znanium.ru/catalog/document?id=472335 |
| 856 |
Электронный адрес документа |
48 |
| a |
Имя сервера/домена |
znanium.ru |
| d |
Путь |
/cover/2233 |
| f |
Электронное имя |
2233079.jpg |
| q |
Тип электронного формата |
image/jpeg |
| u |
URL |
https://znanium.ru/cover/2233/2233079.jpg |
| 911 |
|
__ |
| u |
|
0030=https://znanium.ru/catalog/document?id=472335 |
| 911 |
|
__ |
| u |
|
712a=Российская академия народного хозяйства и государственной службы при Президенте РФ |